| 000 | 00455nam a2200157 i 4500 | ||
|---|---|---|---|
| 001 | 79508 | ||
| 003 | ES-MaACL | ||
| 005 | 20230906174007.0 | ||
| 007 | t| | ||
| 008 | 041021s1970 sp ||||1| spa d | ||
| 100 | 1 |
_aHernández Ruiz, Justo. _963045 |
|
| 245 | 1 | 3 |
_aLa plantación y el cultivo de la Fé / _cJusto Hernández Ruiz. |
| 260 |
_aSoria : _bParroquia de San José, _c1970. |
||
| 300 |
_a122 p. ; _c19 cm. |
||
| 852 |
_aES-MaACL _jC-41583 _bR.76170 |
||
| 999 |
_c79508 _d79508 |
||